[Event "IECG CA.2006.0.00164 email"]
[Site "IECG email"]
[Date "2006.02.11"]
[Round "?"]
[White "Polevoy, Nickolay"]
[Black "Boettcher, Fred"]
[Result "1/2-1/2"]
[WhiteElo "2171"]
[BlackElo "2105"]
[PlyCount "71"]
[EventDate "2006.02.11"]
[EventType "tourn (corr)"]
[EventRounds "6"]
[SourceTitle "Corr 2008"]
[Source "ChessBase"]
[SourceDate "2008.06.24"]
[SourceVersion "1"]
[SourceVersionDate "2008.06.24"]
[SourceQuality "1"]

1. d4 Nf6 2. c4 e6 3. Nc3 Bb4 4. Qc2 0-0 5. a3 Bxc3+ 6. Qxc3 b6 7. Bg5 Bb7 8. f3 h6 9. Bh4 d5 10. e3 Nbd7 11. cxd5 Nxd5 12. Bxd8 Nxc3 13. Bh4 Nd5 14. Bf2 c5 15. e4 Nf4 16. Be3 Ng6 17. Ne2 f5 18. exf5 exf5 19. 0-0-0 Rae8 20. Bf2 Ba6 21. Rd2 Rc8 22. Nc3 Bxf1 23. Rxf1 cxd4 24. Rxd4 Nde5 25. Rfd1 Nc4 26. Rd7 Nf4 27. Kb1 Rf7 28. Rxf7 Kxf7 29. Rd7+ Ke6 30. Rxa7 g5 31. Rh7 Nxa3+ 32. bxa3 Rxc3 33. Rxh6+ Kd5 34. Kb2 Rd3 35. Bxb6 Nxg2 36. Bd8 1/2-1/2

[Event "IECG WC.2006.S.00008 email"]
[Site "IECG email"]
[Date "2004.07.18"]
[Round "?"]
[White "Polevoy, Nickolay"]
[Black "Houtman, Joop"]
[Result "1/2-1/2"]
[WhiteElo "2164"]
[BlackElo "2325"]
[PlyCount "72"]
[EventDate "2004.07.18"]
[EventType "tourn (corr)"]
[EventRounds "10"]
[SourceTitle "Corr 2008"]
[Source "ChessBase"]
[SourceDate "2008.06.24"]
[SourceVersion "1"]
[SourceVersionDate "2008.06.24"]
[SourceQuality "1"]

1. e4 e5 2. Nf3 Nc6 3. Bb5 a6 4. Ba4 Nf6 5. 0-0 Be7 6. Re1 b5 7. Bb3 0-0 8. c3 d6 9. h3 Bb7 10. d4 Re8 11. Nbd2 Bf8 12. a4 h6 13. Bc2 exd4 14. cxd4 Nb4 15. Bb1 c5 16. d5 Nd7 17. Ra3 f5 18. Nh2 Nf6 19. Rf3 Re5 20. Rxf5 Rxf5 21. exf5 Bxd5 22. Ng4 Ra7 23. Ne4 Bxe4 24. Bxe4 Nxg4 25. Qxg4 d5 26. Bb1 Re7 27. Be3 Qd6 28. axb5 axb5 29. Rc1 c4 30. Rd1 Rf7 31. Qf3 Be7 32. Bd2 d4 33. b3 Qe5 34. bxc4 bxc4 35. Bxb4 Bxb4 36. Ba2 Kh8 1/2-1/2

[Event "IECG CA.2003.0.00107 email"]
[Site "IECG email"]
[Date "2004.01.28"]
[Round "?"]
[White "Boychuk, Taras"]
[Black "Polevoy, Nickolay"]
[Result "1/2-1/2"]
[WhiteElo "2190"]
[BlackElo "2147"]
[PlyCount "43"]
[EventDate "2003.10.08"]
[EventType "tourn (corr)"]
[EventRounds "6"]
[SourceTitle "Corr 2008"]
[Source "ChessBase"]
[SourceDate "2008.06.24"]
[SourceVersion "1"]
[SourceVersionDate "2008.06.24"]
[SourceQuality "1"]

1. c4 Nf6 2. Nf3 g6 3. d4 Bg7 4. Nc3 0-0 5. e4 d6 6. Be2 e5 7. 0-0 Nc6 8. d5 Ne7 9. Ne1 Nd7 10. Nd3 f5 11. Bd2 Nf6 12. f3 f4 13. Be1 c5 14. Nxe5 Nxe4 15. fxe4 Bxe5 16. Bh4 Qe8 17. Bf3 Be6 18. Qa4 Qc6 19. Qxc6 bxc6 20. Rfe1 Bxd5 21. Bxe7 g5 22. Kf2 1/2-1/2

[Event "IECG WC.2005.S.00007 email"]
[Site "IECG email"]
[Date "2003.05.19"]
[Round "?"]
[White "Polevoy, Nickolay"]
[Black "Perez, Brigiliano"]
[Result "0-1"]
[WhiteElo "2105"]
[BlackElo "2309"]
[PlyCount "104"]
[EventDate "2003.05.19"]
[EventType "tourn (corr)"]
[EventRounds "10"]
[SourceTitle "Corr 2008"]
[Source "ChessBase"]
[SourceDate "2008.06.24"]
[SourceVersion "1"]
[SourceVersionDate "2008.06.24"]
[SourceQuality "1"]

1. e4 c5 2. Nf3 d6 3. d4 cxd4 4. Nxd4 Nf6 5. Nc3 a6 6. Be2 e5 7. Nb3 Be7 8. 0-0 0-0 9. Kh1 b6 10. f3 Bb7 11. Be3 b5 12. a4 b4 13. Nd5 Nxd5 14. exd5 Nd7 15. c4 bxc3 16. bxc3 Bg5 17. Bf2 Qc7 18. c4 a5 19. Rb1 Rfb8 20. Bd3 g6 21. Nd2 Ba6 22. Ne4 Rxb1 23. Qxb1 Rb8 24. Qc2 Bd8 25. c5 Bxd3 26. Qxd3 Nxc5 27. Bxc5 dxc5 28. d6 Qc6 29. Qc4 Rb4 30. Qxc5 Rc4 31. Qxe5 Rc1 32. Rg1 f5 33. d7 Rxg1+ 34. Kxg1 Qxd7 35. Nc5 Qc6 36. Kf1 Kf7 37. Qc3 Bb6 38. Ne4 Qxc3 39. Nxc3 Ke6 40. Ke2 Kd6 41. Kd3 Kc5 42. g3 Bc7 43. f4 Bd8 44. Na2 h5 45. Kc3 h4 46. Nc1 Bf6+ 47. Kb3 Kd4 48. Kc2 Ke3 49. Kd1 h3 50. Ke1 Bc3+ 51. Kf1 Kd2 52. Ne2 Kc2 0-1

[Event "IECG WC.2005.S.00007 email"]
[Site "IECG email"]
[Date "2003.05.19"]
[Round "?"]
[White "Polevoy, Nickolay"]
[Black "Seipel, Andreas"]
[Result "1/2-1/2"]
[WhiteElo "2105"]
[BlackElo "2352"]
[PlyCount "63"]
[EventDate "2003.05.19"]
[EventType "tourn (corr)"]
[EventRounds "10"]
[SourceTitle "Corr 2008"]
[Source "ChessBase"]
[SourceDate "2008.06.24"]
[SourceVersion "1"]
[SourceVersionDate "2008.06.24"]
[SourceQuality "1"]

1. d4 f5 2. g3 Nf6 3. Bg2 g6 4. c4 Bg7 5. Nf3 0-0 6. 0-0 d6 7. Nc3 Qe8 8. d5 a5 9. Rb1 Na6 10. b3 Bd7 11. Bb2 Nc5 12. a3 h6 13. Nd4 Qf7 14. e3 Nfe4 15. Qc2 c6 16. Nxe4 Nxe4 17. dxc6 bxc6 18. Rfd1 Rab8 19. Ne2 Bxb2 20. Rxb2 c5 21. Nf4 Bc6 22. Nd5 e6 23. Nc3 Nxc3 24. Qxc3 Bxg2 25. Kxg2 Rb6 26. Qxa5 Qb7+ 27. Kg1 Rxb3 28. Rxb3 Qxb3 29. Rxd6 Qb1+ 30. Kg2 Qe4+ 31. Kg1 Qb1+ 32. Kg2 1/2-1/2

[Event "IECG WC.2005.S.00007 email"]
[Site "IECG email"]
[Date "2003.05.19"]
[Round "?"]
[White "Schindler, Sven"]
[Black "Polevoy, Nickolay"]
[Result "1-0"]
[WhiteElo "1971"]
[BlackElo "2105"]
[PlyCount "139"]
[EventDate "2003.05.19"]
[EventType "tourn (corr)"]
[EventRounds "10"]
[SourceTitle "Corr 2008"]
[Source "ChessBase"]
[SourceDate "2008.06.24"]
[SourceVersion "1"]
[SourceVersionDate "2008.06.24"]
[SourceQuality "1"]

1. c4 Nf6 2. Nc3 g6 3. g3 Bg7 4. Nf3 0-0 5. Bg2 d6 6. d4 Nc6 7. 0-0 Rb8 8. h3 a6 9. e4 b5 10. e5 Nd7 11. cxb5 axb5 12. Ng5 dxe5 13. Bxc6 exd4 14. Nxb5 Rb6 15. Nxd4 Nb8 16. Nde6 fxe6 17. Bg2 Nc6 18. Qxd8 Rxd8 19. Bf4 e5 20. Be3 Nd4 21. b3 Bb7 22. Bxb7 Rxb7 23. Ne4 Ra8 24. Nc5 Rb4 25. Na4 e4 26. Rad1 c5 27. Kg2 Nc2 28. Bxc5 Rbxa4 29. bxa4 Rxa4 30. Rd8+ Kf7 31. Rd7 Bf6 32. Ra7 Rc4 33. Be3 Nxe3+ 34. fxe3 Rc3 35. Rf4 Rxe3 36. Kf2 Rd3 37. Rxe4 g5 38. Rb7 Ra3 39. Re2 h5 40. Rb3 Ra4 41. a3 Bd4+ 42. Kf3 Kf6 43. Ke4 Bc5+ 44. Kd5 Rxa3 45. Rxa3 Bxa3 46. Rf2+ Kg6 47. g4 Bd6 48. Ke6 Bb4 49. Rf8 Kg7 50. Ra8 hxg4 51. hxg4 Bd6 52. Re8 Bc5 53. Kf5 Kf7 54. Rh8 Be3 55. Rh7+ Kf8 56. Ke6 Bc5 57. Rf7+ Kg8 58. Rf5 Be3 59. Kxe7 Kg7 60. Ke6 Bc1 61. Rc5 Be3 62. Rc3 Bd2 63. Rd3 Bf4 64. Kf5 Kf7 65. Rd7+ Ke8 66. Rb7 Kf8 67. Kg6 Ke8 68. Rf7 Bd2 69. Rf5 Ke7 70. Rxg5 1-0

[Event "IECG WC.2006.P.00001 email"]
[Site "IECG email"]
[Date "2003.01.22"]
[Round "?"]
[White "Laczay, Istvan"]
[Black "Polevoy, Nickolay"]
[Result "0-1"]
[WhiteElo "1968"]
[BlackElo "2109"]
[PlyCount "58"]
[EventDate "2003.01.22"]
[EventType "tourn (corr)"]
[EventRounds "10"]
[SourceTitle "Corr 2008"]
[Source "ChessBase"]
[SourceDate "2008.06.24"]
[SourceVersion "1"]
[SourceVersionDate "2008.06.24"]
[SourceQuality "1"]

1. d4 Nf6 2. c4 d6 3. Nc3 g6 4. e4 Bg7 5. Be2 0-0 6. h3 e5 7. d5 Na6 8. g4 Nc5 9. Qc2 c6 10. b4 Na6 11. a3 cxd5 12. cxd5 Nc7 13. g5 Nfe8 14. h4 f5 15. gxf6 Nxf6 16. h5 Nxh5 17. Bxh5 gxh5 18. Rxh5 a5 19. bxa5 Na6 20. Rb1 Nc5 21. Rg5 Kh8 22. Rg3 Qxa5 23. Bd2 Qxa3 24. Nge2 Qa6 25. Nb5 Bd7 26. Ra3 Bxb5 27. Rxa6 bxa6 28. Nc1 Rfc8 29. Bc3 Bh6 0-1

[Event "IECG WC.2006.P.00001 email"]
[Site "IECG email"]
[Date "2003.01.22"]
[Round "?"]
[White "Polevoy, Nickolay"]
[Black "Fineboim, Igor"]
[Result "1/2-1/2"]
[WhiteElo "2109"]
[BlackElo "2158"]
[PlyCount "80"]
[EventDate "2003.01.22"]
[EventType "tourn (corr)"]
[EventRounds "10"]
[SourceTitle "Corr 2008"]
[Source "ChessBase"]
[SourceDate "2008.06.24"]
[SourceVersion "1"]
[SourceVersionDate "2008.06.24"]
[SourceQuality "1"]

1. e4 e5 2. Nf3 Nf6 3. Nxe5 d6 4. Nf3 Nxe4 5. d4 d5 6. Bd3 Nc6 7. 0-0 Be7 8. c4 Nb4 9. Be2 0-0 10. Nc3 b6 11. a3 Nxc3 12. bxc3 Nc6 13. cxd5 Qxd5 14. Re1 Bb7 15. Bd3 Rae8 16. c4 Qd8 17. d5 Nb8 18. Bb2 Bf6 19. Bxf6 Qxf6 20. Qa4 Rxe1+ 21. Rxe1 Na6 22. Qe8 g6 23. Qe7 Qd6 24. Qh4 Nc5 25. Qh6 Qf6 26. Bf1 Qg7 27. Qf4 c6 28. d6 Ne6 29. Qh4 c5 30. Ne5 f6 31. Ng4 Bc8 32. h3 f5 33. Ne5 Nd4 34. f4 h6 35. Qe7 Qxe7 36. dxe7 Re8 37. Nxg6 Kg7 38. Ne5 Rxe7 39. Kf2 Kf6 40. g4 Rg7 1/2-1/2

[Event "IECG CA.2002.0.00073 email"]
[Site "IECG email"]
[Date "2002.11.06"]
[Round "1"]
[White "Castillo, German"]
[Black "Polevoy, Nickolay"]
[Result "1/2-1/2"]
[WhiteElo "1842"]
[BlackElo "2098"]
[PlyCount "75"]
[EventDate "2002.11.06"]
[EventType "tourn (corr)"]
[EventRounds "6"]
[SourceTitle "Corr 2024"]
[Source "ChessBase"]
[SourceDate "2023.10.19"]
[SourceVersion "1"]
[SourceVersionDate "2023.10.19"]
[SourceQuality "1"]

1. e4 e5 2. Nf3 Nc6 3. Bb5 a6 4. Ba4 Nf6 5. 0-0 Be7 6. Re1 b5 7. Bb3 0-0 8. c3 d5 9. exd5 Nxd5 10. Nxe5 Nxe5 11. Rxe5 c6 12. d4 Bd6 13. Re1 Qh4 14. g3 Qh3 15. Be3 Bg4 16. Qd3 Rae8 17. Nd2 f5 18. Qf1 Qh5 19. f4 Kh8 20. Bxd5 cxd5 21. a4 bxa4 22. Rxa4 g5 23. Raa1 h6 24. Qf2 Rg8 25. c4 Rxe3 26. Rxe3 gxf4 27. Rc3 Bh3 28. c5 fxg3 29. hxg3 Bc7 30. Rxa6 f4 31. Rca3 fxg3 32. Qf6+ Kh7 33. Nf3 g2 34. Ra1 Rg7 35. Ra7 Be6 36. b4 Qh3 37. Qxg7+ Kxg7 38. Rxc7+ 1/2-1/2

[Event "IECG CA.2002.0.00073 email"]
[Site "IECG email"]
[Date "2002.11.06"]
[Round "1"]
[White "Polevoy, Nickolay"]
[Black "Roberts, Earl"]
[Result "1-0"]
[WhiteElo "2098"]
[BlackElo "2105"]
[PlyCount "35"]
[EventDate "2002.11.06"]
[EventType "tourn (corr)"]
[EventRounds "6"]
[SourceTitle "Corr 2024"]
[Source "ChessBase"]
[SourceDate "2023.10.19"]
[SourceVersion "1"]
[SourceVersionDate "2023.10.19"]
[SourceQuality "1"]

1. e4 e5 2. Nf3 Nc6 3. Bb5 Nd4 4. Nxd4 exd4 5. 0-0 Bc5 6. d3 c6 7. Ba4 Ne7 8. f4 d5 9. f5 dxe4 10. dxe4 Qd6 11. Bb3 Qf6 12. Nd2 0-0 13. Qe1 g5 14. e5 Qh8 15. Ne4 Qxe5 16. Bxg5 d3+ 17. Kh1 d2 18. Bxd2 1-0

[Event "IECG CM.2002.0.00191 email"]
[Site "IECG email"]
[Date "2002.08.08"]
[Round "?"]
[White "Cummings, Nicolas V"]
[Black "Polevoy, Nickolay"]
[Result "1-0"]
[WhiteElo "2210"]
[BlackElo "2085"]
[PlyCount "67"]
[EventDate "2002.08.08"]
[EventType "tourn (corr)"]
[EventRounds "6"]
[SourceTitle "Corr 2008"]
[Source "ChessBase"]
[SourceDate "2008.06.24"]
[SourceVersion "1"]
[SourceVersionDate "2008.06.24"]
[SourceQuality "1"]

1. d4 Nf6 2. Nf3 g6 3. Nc3 d5 4. Bf4 Bg7 5. e3 0-0 6. Be2 c5 7. Ne5 Nc6 8. 0-0 Bf5 9. Qd2 Nd7 10. Nf3 Nb6 11. dxc5 Nc4 12. Qxd5 Qxd5 13. Nxd5 Nxb2 14. Bb5 Rae8 15. Nd4 Bd7 16. Rab1 e5 17. Rxb2 exd4 18. Bd6 dxe3 19. c3 exf2+ 20. Rbxf2 f5 21. Bxf8 Kxf8 22. Rd1 Re4 23. Nc7 Re7 24. Rfd2 Be5 25. Rxd7 Bxc7 26. Bxc6 bxc6 27. Rxe7 Kxe7 28. g3 a5 29. a4 Be5 30. c4 Bc7 31. Kg2 Ke6 32. Kf3 h6 33. h3 g5 34. g4 1-0

[Event "IECG CM.2002.0.00191 email"]
[Site "IECG email"]
[Date "2002.08.08"]
[Round "?"]
[White "Wurschner, Miroslav"]
[Black "Polevoy, Nickolay"]
[Result "1-0"]
[WhiteElo "2269"]
[BlackElo "2085"]
[PlyCount "57"]
[EventDate "2002.08.08"]
[EventType "tourn (corr)"]
[EventRounds "6"]
[SourceTitle "Corr 2008"]
[Source "ChessBase"]
[SourceDate "2008.06.24"]
[SourceVersion "1"]
[SourceVersionDate "2008.06.24"]
[SourceQuality "1"]

1. e4 c5 2. Nf3 d6 3. d4 cxd4 4. Nxd4 Nf6 5. Nc3 g6 6. Be3 Bg7 7. f3 0-0 8. Qd2 Nc6 9. 0-0-0 Nxd4 10. Bxd4 Be6 11. Kb1 Qc7 12. h4 Rfc8 13. h5 Qa5 14. h6 Bh8 15. a3 Nd7 16. f4 f6 17. f5 gxf5 18. Rh5 Bf7 19. Rxf5 Ne5 20. Bxe5 dxe5 21. Rf3 Rd8 22. Rd3 Rxd3 23. Qxd3 Be6 24. Nd5 Kf8 25. Nxe7 Qc5 26. Nf5 Rc8 27. Be2 Bf7 28. c4 b6 29. Qd7 1-0

[Event "IECG WC.2005.P.00006 email"]
[Site "IECG email"]
[Date "2002.04.06"]
[Round "?"]
[White "Polevoy, Nickolay"]
[Black "Dibley, Shane"]
[Result "1/2-1/2"]
[WhiteElo "2070"]
[BlackElo "1870"]
[PlyCount "81"]
[EventDate "2002.01.29"]
[EventType "tourn (corr)"]
[EventRounds "11"]
[SourceTitle "Corr 2008"]
[Source "ChessBase"]
[SourceDate "2008.06.24"]
[SourceVersion "1"]
[SourceVersionDate "2008.06.24"]
[SourceQuality "1"]

1. e4 c5 2. Nf3 d6 3. d4 cxd4 4. Nxd4 Nf6 5. Nc3 a6 6. Be3 e5 7. Nb3 Be6 8. f3 Nbd7 9. Qd2 b5 10. a4 b4 11. Nd5 Bxd5 12. exd5 Nb6 13. Bxb6 Qxb6 14. a5 Qb7 15. Bc4 Be7 16. Ra4 Rb8 17. Nc1 Nd7 18. Nd3 Bd8 19. b3 0-0 20. Kd1 Rc8 21. Qxb4 Qc7 22. Qd2 h6 23. Bxa6 Rb8 24. b4 Bg5 25. Qf2 Nf6 26. c4 e4 27. h4 Bxh4 28. Qxh4 exd3 29. Qd4 Rxb4 30. Rxb4 Qxa5 31. Qc3 Qxa6 32. Kd2 Nd7 33. Kxd3 Qa2 34. Qb2 Qa8 35. Re1 Nc5+ 36. Kc2 Qd8 37. Qa3 Qh4 38. Re2 f5 39. Qa1 Kh7 40. Qe1 Qh2 41. Rb1 1/2-1/2

[Event "IECG WC.2005.P.00006 email"]
[Site "IECG email"]
[Date "2002.01.29"]
[Round "?"]
[White "Polevoy, Nickolay"]
[Black "Feldmann, Guido"]
[Result "1/2-1/2"]
[WhiteElo "2070"]
[BlackElo "2000"]
[PlyCount "57"]
[EventDate "2002.01.29"]
[EventType "tourn (corr)"]
[EventRounds "11"]
[SourceTitle "Corr 2008"]
[Source "ChessBase"]
[SourceDate "2008.06.24"]
[SourceVersion "1"]
[SourceVersionDate "2008.06.24"]
[SourceQuality "1"]

1. e4 c5 2. Nf3 e6 3. d4 cxd4 4. Nxd4 Nc6 5. Nc3 Qc7 6. Be3 a6 7. Bd3 Nf6 8. 0-0 Ne5 9. h3 Bc5 10. Kh1 d6 11. f4 Ng6 12. Qe1 Bd7 13. f5 Ne5 14. Qg3 0-0 15. Nce2 Qb6 16. Rab1 a5 17. Bg5 Nh5 18. Qh4 Bxd4 19. Qxh5 f6 20. Bd2 exf5 21. exf5 Be3 22. Bxe3 Qxe3 23. Nf4 Nxd3 24. Nxd3 Rac8 25. Rbe1 Qg5 26. Qf3 Bc6 27. Qf2 Rfe8 28. a3 Be4 29. Kh2 1/2-1/2

[Event "IECG WC.2005.P.00006 email"]
[Site "IECG email"]
[Date "2002.01.29"]
[Round "?"]
[White "Polevoy, Nickolay"]
[Black "Lambert, Andreas"]
[Result "1/2-1/2"]
[WhiteElo "2070"]
[BlackElo "2191"]
[PlyCount "59"]
[EventDate "2002.01.29"]
[EventType "tourn (corr)"]
[EventRounds "11"]
[SourceTitle "Corr 2008"]
[Source "ChessBase"]
[SourceDate "2008.06.24"]
[SourceVersion "1"]
[SourceVersionDate "2008.06.24"]
[SourceQuality "1"]

1. d4 d5 2. c4 c6 3. Nc3 Nf6 4. Nf3 dxc4 5. a4 Bf5 6. Nh4 e6 7. Nxf5 exf5 8. e3 Bb4 9. Bxc4 0-0 10. 0-0 Nbd7 11. Qc2 g6 12. f3 Qb6 13. Kh1 Rad8 14. Bd2 a5 15. Rae1 f4 16. Re2 Rfe8 17. Rfe1 Kg7 18. Qb3 Re7 19. Qd1 Rde8 20. Qc1 fxe3 21. Bxe3 Qd8 22. Bh6+ Kg8 23. Bg5 Rxe2 24. Rxe2 Rxe2 25. Nxe2 Nb6 26. Bb3 Be7 27. Qe1 Nfd5 28. Bd2 Nb4 29. Nf4 Bf6 30. Bc3 1/2-1/2

[Event "IECG WC.2005.P.00006 email"]
[Site "IECG email"]
[Date "2002.01.29"]
[Round "?"]
[White "Radojcic, Sasa"]
[Black "Polevoy, Nickolay"]
[Result "1/2-1/2"]
[WhiteElo "1765"]
[BlackElo "2070"]
[PlyCount "61"]
[EventDate "2002.01.29"]
[EventType "tourn (corr)"]
[EventRounds "11"]
[SourceTitle "Corr 2008"]
[Source "ChessBase"]
[SourceDate "2008.06.24"]
[SourceVersion "1"]
[SourceVersionDate "2008.06.24"]
[SourceQuality "1"]

1. e4 e5 2. Nf3 Nc6 3. Bb5 a6 4. Ba4 Nf6 5. 0-0 Be7 6. Re1 b5 7. Bb3 0-0 8. c3 d5 9. exd5 Nxd5 10. Nxe5 Nxe5 11. Rxe5 c6 12. d4 Bd6 13. Re1 Qh4 14. g3 Qh3 15. Be3 Bg4 16. Qd3 Rae8 17. Bxd5 cxd5 18. Nd2 Re6 19. Qf1 Qh5 20. a4 bxa4 21. Qg2 a3 22. b4 Bh3 23. Qf3 Bg4 24. Qg2 a5 25. bxa5 Ra8 26. c4 Rxa5 27. c5 Bc7 28. Ra2 Bh3 29. Qh1 Ra4 30. Rea1 Rea6 31. Qf3 1/2-1/2

[Event "IECG CA.2001.0.00004"]
[Site "IECG email"]
[Date "2001.05.20"]
[Round "?"]
[White "Groffen, Hans"]
[Black "Polevoy, Nickolay"]
[Result "0-1"]
[WhiteElo "2190"]
[BlackElo "2022"]
[PlyCount "84"]
[EventDate "2001.05.20"]
[EventType "tourn (corr)"]
[EventRounds "6"]
[SourceTitle "Corr 2008"]
[Source "ChessBase"]
[SourceDate "2008.06.24"]
[SourceVersion "1"]
[SourceVersionDate "2008.06.24"]
[SourceQuality "1"]

1. d4 Nf6 2. Bg5 Ne4 3. Bf4 c5 4. f3 Qa5+ 5. c3 Nf6 6. d5 Qb6 7. Bc1 g6 8. e4 d6 9. Nd2 Bg7 10. Nc4 Qc7 11. a4 0-0 12. Bg5 Nbd7 13. Qd2 Nb6 14. a5 Nxc4 15. Bxc4 Bd7 16. Ne2 b5 17. Bd3 a6 18. 0-0 e6 19. Nf4 c4 20. Bc2 Rae8 21. Qf2 Bc8 22. Qh4 Nd7 23. Bh6 Bxh6 24. Qxh6 e5 25. Ne2 Nc5 26. Ng3 f5 27. exf5 gxf5 28. Nh5 Kh8 29. Rf2 Rd8 30. Re2 Qf7 31. Rd1 Qg6 32. Qxg6 hxg6 33. Ng3 Kg7 34. Nf1 Kf6 35. Rb1 Rf7 36. h3 f4 37. Nd2 Bf5 38. Ne4+ Bxe4 39. fxe4 Rb8 40. Rf1 g5 41. Kf2 b4 42. Kf3 b3 0-1